Statistics for Countries containing a 'D' AND an 'E' in their name

Click here to take the quiz!

General Stats

  • This quiz has been taken 1,417 times
    (1,277 since last reset)
  • The average score is 15 of 25

Answer Stats

Country% Correct
Denmark
93%
United Kingdom
80%
United States
80%
Dominican Republic
79%
Democratic Republic of the Congo
74%
United Arab Emirates
71%
Ireland
70%
Sweden
69%
Iceland
68%
Indonesia
68%
Netherlands
64%
New Zealand
64%
Switzerland
60%
Ecuador
56%
Saint Vincent and the Grenadines
53%
Bangladesh
52%
Grenada
52%
El Salvador
50%
North Macedonia
46%
Federated States of Micronesia
44%
Bosnia and Herzegovina
39%
Cape Verde
39%
Maldives
39%
Saint Kitts and Nevis
39%
São Tomé and Príncipe
31%

Score Distribution

Percentile by Number Answered

Percent of People with Each Score

Your Score History

You have not taken this quiz since the last reset